000 01276nam a22002657a 4500
003 OSt
005 20230123104118.0
007 cr ||||||a|c|a
008 221201s mx obd|fom||| 001 0 spa d
040 _erda
100 1 _9185620
_aOchoa Ulloa, Natalia Carolina
245 1 _aCampesinado y cuidado de bienes comunes en áreas naturales protegidas :
_bEl caso de la comunidad de la India alto San Miguel y el parque nacional natural Catatumbo Barí, Colombia /
_cpor Natalia Carolina Ochoa Ulloa; director de tesis César Adrián Ramírez Miranda
264 1 _aChapingo, México :
_bEl autor,
_c2020.
300 _a1 recurso en línea (223 páginas).
336 _2rdacontent
_atexto
_btxt
337 _2rdamedia
_acomputadora
_bc
338 _2rdacarrier
_arecurso en línea
_bcr
502 _bMCDRR
_cCentros Regionales
_d2020.
_gMAE
504 _aIncluye referencias bibliográficas: páginas-196-210
650 4 _9185804
_aÁreas protegidas
_xConservación
_zColombia
650 4 _9185805
_aÁreas protegidas
_xAspectos sociales
_zColombia
700 1 _994152
_aRamírez Miranda, César Adrián
_eDirector de tesis
856 _uhttp://10.13.5.2/tesis/tm/2020_CR_Ochoa_Ulloa_NataliaCarolina.pdf
_zDESCARGAR PDF
942 _2Clasificación Universidad Autónoma Chapingo
_cTD
999 _c217910
_d217910